| 000 | 00518cam a22002171 4500 | ||
|---|---|---|---|
| 001 | sa 68011355 | ||
| 003 | DLC | ||
| 005 | 20260227112559.0 | ||
| 008 | 890705s1968 ii 000 0 beno | ||
| 010 | _asa 68011355 | ||
| 035 | _a(OCoLC)19963491 | ||
| 040 |
_aDLC _cWaU _dDLC |
||
| 042 | _apremarc | ||
| 050 | 0 | 0 |
_aPK1718.B6 _bK3 |
| 100 | 1 | _aBose, Buddhadeva. | |
| 245 | 1 | 0 | _aKalakātāra Ilekṭrā o satyasandha. |
| 260 | _c[1968] | ||
| 300 |
_a165 p. _c21 cm. |
||
| 500 | _aIn Bengali. | ||
| 500 | _aA play. | ||
| 999 |
_c83832 _d83832 |
||